000 01000nam a22002417a 4500
001 49707
003 BD-RjUL
005 20211209054721.0
008 160822b1950 b ||||| |||| 00| 0 ben d
020 _c: IRs. 3.00
035 _a(BD-RjUL)49827
040 _aBD-RjUL
_bben
_cBD-RjUL
_dBD-RjUL
041 _aben
082 _223
_a491.4409
_bCHB 1950
100 1 0 _aচট্টোপাধ্যায়, সুনীতিকুমার
_9149025
245 _aবাঙ্গলা ভাষাতত্ত্বের ভূমিকা /
_cসুনীতিকুমার চট্টোপাধ্যায় প্রণীত
250 _a৬ষ্ঠ সং.
260 _aকলিকাতা :
_bকলিকাতা বিশ্ববিদ্যালয় ,
_c১৯৫০
300 _a[১৬] ১৭৮পৃ.
_c১৭ সেমি.
650 _aবাংলা ভাষা
_9149026
_vইতিহাস
650 _aBengali Language
_9149027
_vHistory
942 _2ddc
_cBK
999 _c49707
_d49707